LIBRARY & INFORMATION CENTRE, KCAET, TAVANUR

ONLINE PUBLIC ACCESS CATALOGUE (OPAC)

Ve saphal kaise huwe / (Record no. 8001)

MARC details
000 -LEADER
fixed length control field 00451cam a2200193ua 4500
041 ## - LANGUAGE CODE
Language code of text/sound track or separate title hin
082 ## - DEWEY DECIMAL CLASSIFICATION NUMBER
Classification number 891.54
Item number BOL/VE
100 ## - MAIN ENTRY--AUTHOR NAME
Personal name Bolton, Sarah K .
245 ## - TITLE STATEMENT
Title Ve saphal kaise huwe /
250 ## - EDITION STATEMENT
Edition statement 1 /
260 ## - PUBLICATION, DISTRIBUTION, ETC. (IMPRINT)
Place of publication :
Name of publisher Hind Pocket Books Pvt Ltd.
300 ## - PHYSICAL DESCRIPTION
Number of Pages 148 ; .
942 ## - ADDED ENTRY ELEMENTS (KOHA)
Koha item type Books
Holdings
Withdrawn status Lost status Damaged status Home library Current library Date acquired Full call number Accession Number Koha item type Public note
Withdrawn     KAUAET Sanskrit University 07/04/2012 891.54 6157 Books Transferred to Sanskrit University
Withdrawn     KAUAET Sanskrit University 07/04/2012 891.54 2097 Books  
free website counter